Cases in food service and clinical nutrition management

Bewaard in:
Bibliografische gegevens
Hoofdauteur: Chabot, Amy Allen
Formaat: Boek
Taal:Undetermined
Gepubliceerd in: New Jersey Pearson Education 2006
Onderwerpen:
Tags: Voeg label toe
Geen labels, Wees de eerste die dit record labelt!
Thư viện lưu trữ: Trung tâm Học liệu Trường Đại học Cần Thơ
LEADER 00562nam a2200205Ia 4500
001 CTU_103244
008 210402s9999 xx 000 0 und d
020 |c 30.91 
082 |a 642.56 
082 |b C428 
100 |a Chabot, Amy Allen 
245 0 |a Cases in food service and clinical nutrition management 
245 0 |c Amy Allen Chabot 
260 |a New Jersey 
260 |b Pearson Education 
260 |c 2006 
650 |a Hospitals,Diet therapy 
650 |x Food service 
904 |i Năm 
980 |a Trung tâm Học liệu Trường Đại học Cần Thơ